| Tag |
First Indicator |
Second Indicator |
Subfields |
| LEADER |
00000cam a2200000 a 4500 |
| 001 |
in00001162421 |
| 005 |
20151001085134.0 |
| 007 |
he bmb|||baca |
| 008 |
921023s1831 mauaf b 001 0 eng d |
| 035 |
|
|
|a (OCoLC)26844733
|
| 035 |
|
|
|9 AGF8906AM
|
| 040 |
|
|
|a MIA
|c SA9
|d TXA
|d UtOrBLW
|
| 049 |
|
|
|a TXAI
|
| 099 |
|
|
|a fiche
|a C
|a 14337
|
| 100 |
1 |
|
|a Smith, Nathan,
|d 1762-1829.
|
| 245 |
1 |
0 |
|a Medical and surgical memoirs /
|c by Nathan Smith, edited with addenda by Nathan R. Smith.
|
| 264 |
|
3 |
|a Baltimore :
|b Printed by W.A. Francis,
|c 1831.
|
| 300 |
|
|
|a vii, 374 pages, 6 unnumbered leaves of plates :
|b illustrations ;
|c 24 cm.
|
| 336 |
|
|
|a text
|b txt
|2 rdacontent
|
| 337 |
|
|
|a microform
|b h
|2 rdamedia
|
| 338 |
|
|
|a microfiche
|b he
|2 rdacarrier
|
| 500 |
|
|
|a "Biographic memoir of the author": pages [9]-37.
|
| 510 |
4 |
|
|a Sabin
|c 83653
|
| 533 |
|
|
|a Microfiche.
|b Woodbridge, CT :
|c Research Publications,
|d 1991.
|e 5 microfiches : negative ; 11 x 15 cm.
|f (Selected Americana from Sabin's Dictionary of books relating to America)
|
| 500 |
|
|
|a Microform.
|
| 650 |
|
0 |
|a Medicine.
|
| 650 |
|
0 |
|a Surgery.
|
| 700 |
1 |
|
|a Smith, N. R.
|q (Nathan Ryno),
|d 1797-1877.
|
| 999 |
|
|
|a MARS
|
| 999 |
f |
f |
|s 395b82cd-cc75-3333-a7fa-62e006d6bcff
|i 793f99dd-0342-381b-bb77-0cf8b2ab81ee
|t 0
|
| 952 |
f |
f |
|p default
|a Texas A&M University
|b College Station
|c Sterling C. Evans Library
|d Evans: Microforms (3rd floor)
|t 0
|e fiche C 14337
|h Other scheme
|i microform -- microfiche
|
| 998 |
f |
f |
|a fiche C 14337
|t 0
|l Evans: Microforms (3rd floor)
|